Statistics for Ireland West Airport Destinations (Knock, Ireland)

Click here to take the quiz!

General Stats

  • This quiz has been taken 24 times
  • The average score is 12 of 18

Answer Stats

AirlineDestination% Correct
Aer LingusLondon (Heathrow)
100%
RyanairLondon (Luton)
100%
RyanairLondon (Stansted)
100%
RyanairBirmingham
94%
RyanairEdinburgh
94%
RyanairLiverpool
94%
RyanairManchester
88%
RyanairBristol
81%
RyanairAlicante
75%
RyanairFaro
69%
RyanairMalaga
69%
RyanairPalma de Mallorca
69%
RyanairTenerife (South)
63%
RyanairEast Midlands
44%
RyanairGirona
38%
RyanairLanzarote
38%
RyanairBergamo
31%
RyanairCologne/Bonn
0%

Score Distribution

Percentile by Number Answered

Percent of People with Each Score

Your Score History

You have not taken this quiz